TNA / Impact Wrestling Hall of Fame Members - Statistics

General Stats
  • This quiz has been taken 352 times
    114 since last reset
  • The average score is 8 of 16
Answer Stats
Year Inducted Hall of Famer % Correct
2012 Sting
93%
2013 Kurt Angle
90%
2014 Bully Ray
73%
2015 Jeff Jarrett
73%
2018 Abyss
71%
2014 Devon
70%
2016 Gail Kim
60%
2024 Rhino
51%
2022 Raven
44%
2021 Awesome Kong
40%
2020 Ken Shamrock
39%
2023 Don West
38%
2023 Mike Tenay
38%
2015 Earl Hebner
29%
2023 Traci Brooks
20%
2024 Bob Ryder
15%
No matching quizzes found
Score Distribution
Percent of People with Each Score
Percentile by Number Answered
Your Score History
You have not taken this quiz since the last reset